| 000 | 01370cam a2200361 a 4500 | ||
|---|---|---|---|
| 001 | 12143281 | ||
| 005 | 20170105102912.0 | ||
| 008 | 000815s2000 nyu 001 0beng d | ||
| 010 | _a 00701299 | ||
| 020 | _a0060194855 (acidfree paper) | ||
| 035 | _a(OCoLC)ocm43938779 | ||
| 040 |
_aCQU _cCQU _dVHB _dBOS _dDLC |
||
| 042 | _alccopycat | ||
| 043 | _an-us--- | ||
| 050 | 0 | 0 |
_aKF373.S687 _bS36 2000 |
| 082 | 0 | 0 |
_a345.73/01 _221 |
| 100 | 1 | _aSchmidt, Susan. | |
| 245 | 1 | 0 |
_aTruth at any cost : _bKen Starr and the unmaking of Bill Clinton / _cSusan Schmidt and Michael Weisskopf. |
| 250 | _a1st ed. | ||
| 260 |
_aNew York : _bHarperCollinsPublishers, _cc2000. |
||
| 300 |
_a326 p. ; _c25 cm. |
||
| 500 | _aIncludes index. | ||
| 600 | 1 | 0 |
_aStarr, Kenneth, _d1946- |
| 600 | 1 | 0 |
_aClinton, Bill, _d1946- |
| 600 | 1 | 0 |
_aLewinsky, Monica S. _q(Monica Samille), _d1973- |
| 610 | 2 | 0 |
_aUnited States. _bOffice of the Independent Counsel (1994-) |
| 610 | 2 | 0 |
_aUnited States. _bExecutive Office of the President. |
| 650 | 0 |
_aSpecial prosecutors _zUnited States _vBiography. |
|
| 700 | 1 | _aWeisskopf, Michael. | |
| 906 |
_a7 _bcbc _ccopycat _d2 _encip _f20 _gy-gencatlg |
||
| 942 |
_2ddc _cBK |
||
| 999 |
_c15163 _d15163 |
||